Библиотека "Хорова самодейност" (Запис номер 304830)
[ съкратено ]
| 000 -Лидер | |
|---|---|
| Контролно поле с фиксирана дължина | 02541ncm a2200457 c 4500 |
| 003 - Код на организацията, давaща контролен номер | |
| Контролно поле | BLK |
| 005 - Дата и час на последна редакция | |
| Контролно поле | 20200324163222.0 |
| 008 - Елементи от данни с фиксирана дължина | |
| fixed length control field | 180414b bul |a|er|||| |0| c|bulo| |
| 010 ## - Наследен системен номер | |
| LC control number | NOT00001681000 |
| 040 ## - Източник на каталожния запис | |
| Идентификатор на билиотеката - собственик на записа | BLK |
| 041 ## - Код за език | |
| Код за езика на текст/звукозапис или на отделно заглавие | Български |
| Код за езика КДБФ | Български |
| 080 ## - УДК | |
| Текстов определител УДК | Смесен хор |
| УДК код - определител по УДК | 78.087.684 |
| УДК - код + определител | 78.087.684 |
| 080 ## - УДК | |
| Текстов определител УДК | Хор, женски |
| УДК код - определител по УДК | 78.087.682 |
| УДК - код + определител | 78.087.682 |
| 080 ## - УДК | |
| Текстов определител УДК | Музика а капела. Вокална музика без съпровод |
| УДК код - определител по УДК | 784.1 |
| УДК - код + определител | 784.1 |
| 139 ## - Редно поле | |
| Редна дума | Библиотека "Хорова самодейност" |
| Авторски знак | Би - Б 44 |
| 245 10 - Сведения за заглавието | |
| Заглавие | Библиотека "Хорова самодейност" |
| Том | Кн. 4. |
| 257 ## - Страна на издаване | |
| Страна на създаване/издаване | България |
| 260 ## - Област на издателските данни | |
| Име на издателя, разпространителя и проч. | Наука и изкуство |
| Година на издаване | 1965 - |
| 300 ## - Физическа характеристика | |
| Размери/Мащаб | 28 см |
| 380 ## - Жанр | |
| Жанр | Изкуство |
| 500 ## - Общи забележки | |
| Забележка | К-т по култ. и изк. Центр. дом за нар. творчество |
| 500 ## - Общи забележки | |
| Забележка | Забележка към том: Год. 1(IX) |
| 505 ## - Форматирана забележка | |
| Подзаглавни данни | За смесен хор и пиано |
| 505 ## - Форматирана забележка | |
| Подзаглавни данни | За смесен хор и пиано : Прил. за еднор. тригл. хор |
| Авторската отговорност | Бенцион Нисим Елиезер; текст Стефан Драгнев. |
| Заглавие | По слънчеви игрища, стадиони |
| 505 ## - Форматирана забележка | |
| Подзаглавни данни | За женски хор и пиано |
| Авторската отговорност | Добри Добрев; текст Анастас Стоянов Анастасов. |
| Заглавие | Песен за моята мечта |
| 505 ## - Форматирана забележка | |
| Подзаглавни данни | Хумористична песен за женски четириграсен хор Текст нар. |
| Авторската отговорност | Петър Динев. |
| Заглавие | На кого куса жената |
| 505 ## - Форматирана забележка | |
| Подзаглавни данни | За смесен хор |
| Авторската отговорност | Ернст Майер; текст Луис Фюрнберг. |
| Заглавие | Късно лято |
| 505 ## - Форматирана забележка | |
| Подзаглавни данни | За соло и смесен хор |
| Авторската отговорност | Александр Львович Гурилев. |
| Заглавие | Однозвучно гремит колокольчик |
| 650 #4 - Допълнително описание по предмет – тема | |
| Основно описание – тема или топоним | Хор - смесен |
| 9 (RLIN) | 315616 |
| 650 #4 - Допълнително описание по предмет – тема | |
| Основно описание – тема или топоним | Хор - женски |
| 9 (RLIN) | 315614 |
| 650 #4 - Допълнително описание по предмет – тема | |
| Основно описание – тема или топоним | Хор - еднороден |
| 9 (RLIN) | 361823 |
| 653 ## - Ключова дума – ненормативна | |
| Ключова дума | смесени хорове |
| 653 ## - Ключова дума – ненормативна | |
| Ключова дума | женски хорове |
| 653 ## - Ключова дума – ненормативна | |
| Ключова дума | еднородни хорове |
| 760 1# - Описание на основната серия | |
| Поясняваща информация | 24 с. |
| Място на издаване, издател и година | София, Наука и изкуство, 1965 |
| Страници - том | 24 с. |
| Забележка - том | Год. 1(IX) |
| Заглавие | Кн. 4. |
| 852 ## - Местоположение | |
| Форматна сигнатура | Цб М ІІ 4384 |
| Част | 6 |
| 856 4# - Електронен адрес и достъп | |
| Електронен формат | pdf - файл |
| Път до файла /url/ | |
| 856 4# - Електронен адрес и достъп | |
| Електронен формат | pdf - файл |
| Път до файла /url/ | |
| 999 ## - СИСТЕМНИ КОНТРОЛНИ НОМЕРА | |
| Koha biblionumber | 304830 |
| Koha biblioitemnumber | 304830 |
| 942 ## - АРТИКУЛИ | |
| Вид на библиотечния материал | Нотни издания |
| Скрит в OPAC | Не |
| Периодичен библиозапис | Да |
| 944 ## - СЪЗДАВАНЕ И РЕДАКЦИЯ на ЗАПИСА | |
| Създаване/Редакция | Създаване |
| Служител, извършил регистрацията/редакцията | Ирена_Линкова |
| 944 ## - СЪЗДАВАНЕ И РЕДАКЦИЯ на ЗАПИСА | |
| Създаване/Редакция | Редакция |
| Дата на регистрацията/редакция | 13.10.2008 |
| 999 ## - СИСТЕМНИ КОНТРОЛНИ НОМЕРА | |
| Koha biblioitemnumber | 304830 |
| Код за отписване | Код за изгубен артикул | Код за повреда | Коз за рестрикции | Код за отдаване | Артикулен № | Име на библиотеката - собственик | Име на библиотеката, в която се намира в момента | Статус (Текущо местоположение) | Дата на вписване в системата | Местоположение - отдел | Цена в лева | Инвентарен номер | Систематично азбучна сигнатура | Баркод | Номер на екземпляра | Цена в евро | Служебна бележка | Служебен тип на артикула | Източник на класификационната схема |
|---|---|---|---|---|---|---|---|---|---|---|---|---|---|---|---|---|---|---|---|
| Изтеглен | Не е изгубен | Не е повреден | без рестрикции | ползва се в читалня | 656551 | Регионална библиотека "Любен Каравелов" Русе | Регионална библиотека "Любен Каравелов" Русе | Хранилище | 2004-09-23 | Основен фонд - ползва се само за читалня | 0.40 | 170000003171 | Цб М II 4384 | 170000003171 | 1 | 0.20 | Дост: DA Вид: А N: 25 Дата: 21.09.2004 | Нотни издания | |
| Не е изгубен | Не е повреден | само за читалня | ползва се в читалня | 656552 | Регионална библиотека "Любен Каравелов" Русе | Регионална библиотека "Любен Каравелов" Русе | Хранилище | 1965-01-01 | Хранилище | 0.40 | 12498/65 | Цб М ІІ 4384 | 900000019671 | 2 | 0.20 | N: стар фонд Дата: 01.01.1965 | Нотни издания | Universal Decimal Classification |